[Event "Hessen-chA"]
[Site "Marburg"]
[Date "2006.04.11"]
[Round "4.11"]
[White "Schmidt, Dietmar"]
[Black "Alonzo, Desi"]
[Result "1-0"]
[WhiteElo "1930"]
[BlackElo "1525"]
[PlyCount "139"]
[EventDate "2006.04.08"]
[EventType "swiss"]
[EventRounds "9"]
[EventCountry "GER"]
[SourceTitle "EXT 2007"]
[Source "ChessBase"]
[SourceDate "2006.11.23"]
[SourceVersion "1"]
[SourceVersionDate "2006.11.23"]
[SourceQuality "1"]

1. c4 c5 2. g3 g6 3. Bg2 Nc6 4. Nc3 Bg7 5. Nf3 Nf6 6. a3 0-0 7. 0-0 e6 8. d4 cxd4 9. Nxd4 Ne5 10. b3 a6 11. Bb2 Rb8 12. Rc1 b6 13. Qd2 Neg4 14. e3 Bb7 15. Nde2 Bxg2 16. Kxg2 Qc7 17. f3 Qb7 18. h3 Ne5 19. e4 b5 20. Nd1 Nc6 21. c5 b4 22. a4 Rfd8 23. Ne3 Na5 24. Qd3 Ne8 25. Bxg7 Kxg7 26. Nc4 Nxc4 27. Qxc4 Rbc8 28. Qd4+ f6 29. e5 fxe5 30. Qxe5+ Kf7 31. Rc4 Qd5 32. Qxd5 exd5 33. Rxb4 Rxc5 34. Rd1 Nd6 35. Rd2 Rdc8 36. Rbd4 Nf5 37. R4d3 Rc2 38. g4 Rxd2 39. Rxd2 Ne7 40. Nf4 Rc3 41. b4 Rb3 42. Nxd5 Nxd5 43. Rxd5 Ke6 44. Ra5 Rxb4 45. Rxa6+ d6 46. Ra8 Rb7 47. a5 g5 48. Kg3 Re7 49. f4 gxf4+ 50. Kxf4 d5 51. Ra6+ Kf7 52. Rd6 Re4+ 53. Kf3 Rd4 54. Rd7+ Kg6 55. a6 h5 56. Rd6+ Kg5 57. a7 hxg4+ 58. hxg4 Rd3+ 59. Ke2 Ra3 60. Rxd5+ Kxg4 61. Rd7 Ra2+ 62. Kd3 Kf5 63. Kc4 Ke6 64. Rh7 Kd6 65. Kb5 Rb2+ 66. Ka6 Ra2+ 67. Kb7 Rb2+ 68. Kc8 Rc2+ 69. Kb8 Rb2+ 70. Rb7 1-0

[Event "Hessen-chA"]
[Site "Marburg"]
[Date "2006.04.10"]
[Round "3.15"]
[White "Beyertt, Torsten"]
[Black "Schmidt, Dietmar"]
[Result "1/2-1/2"]
[WhiteElo "1611"]
[BlackElo "1930"]
[PlyCount "25"]
[EventDate "2006.04.08"]
[EventType "swiss"]
[EventRounds "9"]
[EventCountry "GER"]
[SourceTitle "EXT 2007"]
[Source "ChessBase"]
[SourceDate "2006.11.23"]
[SourceVersion "1"]
[SourceVersionDate "2006.11.23"]
[SourceQuality "1"]

1. d4 f5 2. Bf4 Nf6 3. e3 e6 4. Nf3 d6 5. Be2 g6 6. Nbd2 Bg7 7. c3 Nc6 8. Qc2 Qe7 9. Bg5 h6 10. Bh4 e5 11. Bxf6 Bxf6 12. d5 Nd8 13. e4 1/2-1/2

[Event "Bad Zwesten op 10th"]
[Site "Bad Zwesten"]
[Date "2006.01.07"]
[Round "8"]
[White "Schmidt, Dietmar"]
[Black "Schuette, Marc"]
[Result "0-1"]
[WhiteElo "1951"]
[BlackElo "2170"]
[PlyCount "72"]
[EventDate "2006.01.02"]
[EventType "swiss"]
[EventRounds "9"]
[EventCountry "GER"]
[SourceTitle "CBM 110 Extra"]
[Source "ChessBase"]
[SourceDate "2006.03.10"]
[SourceVersion "2"]
[SourceVersionDate "2006.03.10"]
[SourceQuality "1"]

1. c4 Nc6 2. g3 e6 3. Bg2 d5 4. cxd5 exd5 5. d4 Bf5 6. a3 Qd7 7. Nc3 Nge7 8. Qa4 g6 9. Bg5 Be6 10. Bf6 Rg8 11. Bxe7 Nxe7 12. Qxd7+ Kxd7 13. h4 c6 14. Nh3 Bg7 15. e3 Bf5 16. Rc1 h6 17. Kd2 Rgd8 18. b4 Bxh3 19. Bxh3+ f5 20. Bg2 b5 21. a4 a6 22. a5 Nc8 23. Rhg1 Nd6 24. Ke2 Rf8 25. Rh1 Rae8 26. Kd3 Nc4 27. Ne2 Rf6 28. Rb1 Bf8 29. Kc3 Bd6 30. Rbd1 Nxe3 31. fxe3 Rxe3+ 32. Kd2 Rfe6 33. Nc1 Bxb4+ 34. Kc2 Bxa5 35. Rhg1 Rxg3 36. Bxd5 Rc3+ 0-1

[Event "Bad Zwesten op 10th"]
[Site "Bad Zwesten"]
[Date "2006.01.03"]
[Round "3"]
[White "Hoolt, Sarah"]
[Black "Schmidt, Dietmar"]
[Result "1-0"]
[WhiteElo "2144"]
[BlackElo "1951"]
[PlyCount "83"]
[EventDate "2006.01.02"]
[EventType "swiss"]
[EventRounds "9"]
[EventCountry "GER"]
[SourceTitle "CBM 110 Extra"]
[Source "ChessBase"]
[SourceDate "2006.03.10"]
[SourceVersion "2"]
[SourceVersionDate "2006.03.10"]
[SourceQuality "1"]

1. e4 d5 2. Nc3 dxe4 3. Nxe4 e5 4. Bc4 h6 5. Nf3 Nc6 6. 0-0 Nf6 7. Ng3 Bd6 8. d3 0-0 9. h3 Re8 10. Be3 Be6 11. Bxe6 Rxe6 12. Nf5 Nd5 13. N3h4 Nce7 14. Ng3 Ng6 15. Nhf5 Nge7 16. Nxd6 Rxd6 17. h4 b6 18. h5 c5 19. Qg4 Qd7 20. Qxd7 Rxd7 21. Rfd1 Rad8 22. a4 Nc6 23. Re1 Rf8 24. Bd2 f6 25. Nf5 a5 26. Re4 Nde7 27. Nxe7+ Rxe7 28. f4 Rfe8 29. fxe5 Nxe5 30. Rae1 Kf7 31. Bf4 Nd7 32. Rxe7+ Rxe7 33. Rxe7+ Kxe7 34. Kf2 Ke6 35. Kf3 f5 36. Bc7 Kf6 37. Kf4 Ke6 38. Bd8 Nf6 39. Bxf6 Kxf6 40. c3 Ke6 41. d4 Kd5 42. Kxf5 1-0

[Event "Bad Zwesten op 9th"]
[Site "Bad Zwesten"]
[Date "2005.01.05"]
[Round "6"]
[White "Sergin, Mark"]
[Black "Schmidt, Dietmar"]
[Result "1-0"]
[WhiteElo "2015"]
[BlackElo "1650"]
[PlyCount "43"]
[EventDate "2005.01.02"]
[EventType "swiss"]
[EventRounds "9"]
[EventCountry "GER"]
[SourceTitle "CBM 104 Extra"]
[Source "ChessBase"]
[SourceDate "2005.03.01"]
[SourceVersion "1"]
[SourceVersionDate "2005.03.01"]
[SourceQuality "1"]

1. e4 d5 2. exd5 Qxd5 3. Nc3 Qd6 4. d4 Nf6 5. Nf3 a6 6. Be2 Bf5 7. Nh4 Bg6 8. Nxg6 hxg6 9. g3 Nc6 10. d5 Nb4 11. Bf4 Qd7 12. Bf3 0-0-0 13. Qe2 Nbxd5 14. Nxd5 Nxd5 15. Rd1 Nxf4 16. Bxb7+ Kxb7 17. Rxd7 Nxe2 18. Rxd8 Nc1 19. Kd2 Nxa2 20. c3 e6 21. Kc2 c6 22. Kb1 1-0

[Event "Bad Zwesten op 9th"]
[Site "Bad Zwesten"]
[Date "2005.01.03"]
[Round "3"]
[White "Schmidt, Dietmar"]
[Black "Michalczak, Thomas"]
[Result "0-1"]
[WhiteElo "1650"]
[BlackElo "2376"]
[PlyCount "76"]
[EventDate "2005.01.02"]
[EventType "swiss"]
[EventRounds "9"]
[EventCountry "GER"]
[SourceTitle "CBM 104 Extra"]
[Source "ChessBase"]
[SourceDate "2005.03.01"]
[SourceVersion "1"]
[SourceVersionDate "2005.03.01"]
[SourceQuality "1"]

1. Nf3 d5 2. c4 e6 3. g3 Nf6 4. Bg2 Be7 5. b3 b6 6. Bb2 Bb7 7. 0-0 0-0 8. e3 c5 9. cxd5 Nxd5 10. d4 Nc6 11. Nc3 Nxc3 12. Bxc3 Qc7 13. Qe2 Rfd8 14. Rfd1 Rac8 15. Qb2 f6 16. Rac1 Kf7 17. dxc5 Rxd1+ 18. Rxd1 Bxc5 19. Qe2 Ne7 20. Bb2 a5 21. Qd3 g6 22. Qd7 Bd5 23. Qxc7 Rxc7 24. Rc1 Nc6 25. Ne1 Bxg2 26. Kxg2 Rd7 27. a3 Rd2 28. Rc2 Bxe3 29. Rxd2 Bxd2 30. Nd3 e5 31. Kf3 Ke6 32. Ke2 Bh6 33. Bc3 Kd5 34. f4 Nd4+ 35. Bxd4 Kxd4 36. fxe5 fxe5 37. b4 e4 38. Nf2 a4 0-1

[Event "Bad Zwesten op 8th"]
[Site "Bad Zwesten"]
[Date "2004.01.05"]
[Round "5"]
[White "Phieler, Manuel"]
[Black "Schmidt, Dietmar"]
[Result "1-0"]
[WhiteElo "1272"]
[BlackElo "1549"]
[PlyCount "62"]
[EventDate "2004.01.??"]
[EventType "swiss"]
[EventRounds "9"]
[EventCountry "GER"]
[SourceTitle "CBM 098 Extra"]
[Source "ChessBase"]
[SourceDate "2004.03.10"]
[SourceVersion "2"]
[SourceVersionDate "2004.03.10"]
[SourceQuality "1"]

1. e4 d5 2. exd5 Qxd5 3. Nc3 Qa5 4. d4 Bf5 5. Nf3 e6 6. Bd2 c6 7. Be2 Bb4 8. a3 Bxc3 9. Bxc3 Qd5 10. 0-0 Nf6 11. h3 Qd8 12. Bd3 Bxd3 13. Qxd3 Nbd7 14. Rad1 Qc7 15. Rfe1 Rd8 16. Qe2 0-0 17. Ne5 Nxe5 18. Qxe5 Qd7 19. Bb4 Rfe8 20. c4 b6 21. Bc3 Kh8 22. Qg3 Rg8 23. b4 Qe7 24. Rd3 Rd7 25. Rf3 Qd8 26. Qh4 Ne8 27. Qxd8 Rxd8 28. Rxf7 Nd6 29. Rxa7 Nf5 30. Rxe6 Nxd4 31. Bxd4 Rxd4 1-0

[Event "Bad Zwesten op 8th"]
[Site "Bad Zwesten"]
[Date "2004.01.05"]
[Round "6"]
[White "Schmidt, Dietmar"]
[Black "Fritsche, Rainer"]
[Result "1-0"]
[WhiteElo "1549"]
[BlackElo "1411"]
[PlyCount "81"]
[EventDate "2004.01.??"]
[EventType "swiss"]
[EventRounds "9"]
[EventCountry "GER"]
[SourceTitle "CBM 098 Extra"]
[Source "ChessBase"]
[SourceDate "2004.03.10"]
[SourceVersion "2"]
[SourceVersionDate "2004.03.10"]
[SourceQuality "1"]

1. c4 e6 2. Nf3 Nf6 3. g3 Be7 4. Bg2 c6 5. b3 0-0 6. Bb2 d5 7. 0-0 dxc4 8. bxc4 Nbd7 9. d3 Re8 10. Nbd2 Qa5 11. Nb3 Qc7 12. Ne1 a5 13. Nd4 Qd8 14. Rb1 h6 15. Qc1 Bc5 16. Ba1 Nf8 17. Nec2 e5 18. Nb3 Bd6 19. Nd2 Be6 20. Rxb7 Qc8 21. Rb1 Bh3 22. Ne3 Bxg2 23. Kxg2 N8d7 24. Qc2 Qa6 25. Bc3 Rac8 26. a4 Nh7 27. Nf5 Bf8 28. Rb2 g6 29. Ne3 Nhf6 30. Rfb1 Bc5 31. Nd1 h5 32. h3 Qa8 33. Nb3 Bb4 34. Kg1 c5 35. Qd2 Bxc3 36. Nxc3 Rb8 37. Nb5 Kg7 38. Nc7 Rxb3 39. Rxb3 Ne4 40. dxe4 Qxe4 41. Qxd7 1-0